Indovina quanto bene ti voglio /

A volte, quando vuoi tanto, tanto bene a qualcuno vorresti trovare un modo per descrivere l'intensità dei tuoi sentimenti. Ma, come scopriranno Leprottino e Papà Leprotto, l'amore non è così facile da misurare! Età di lettura: da 3 anni.

Guardat en:
Dades bibliogràfiques
Autor principal: McBratney, Sam (Autor)
Altres autors: Barigazzi, Marinella (Traductor), Jeram, Anita (Illustrador)
Format: Llibre
Idioma:italià
Publicat: Milano : Nord-Sud, 2019
Edició:Nuova ed
Matèries:
Etiquetes: Afegir etiqueta
Sense etiquetes, Sigues el primer a etiquetar aquest registre!

MARC

LEADER 00000nam a22000007i 4500
001 IT\ICCU\MIL\0993237
003 ItRI
005 20260115232158.0
008 210109s2019 it |||||| ||||| |||||c
020 |a 9788893080941 
040 |b ita  |c importazione bologna sebina 
041 7 |a ita  |2 ISO-639-2 
082 |a 823.914  |9 NARRATIVA INGLESE, 1945-1999  |2 23 
100 1 |a McBratney, Sam  |0 IT\ICCU\RAVV\095307  |4 aut 
240 1 0 |a Guess how much I love you?  |3 IT\ICCU\TO0\1542511  |9 McBratney, Sam 
245 1 0 |a Indovina quanto bene ti voglio /  |c Testo di Sam McBratney ; illustrazioni di Anita Jeram ; [traduzione di Marinella Barigazzi]. 
250 |a Nuova ed 
260 |a Milano :  |b Nord-Sud,  |c 2019 
300 |a 1 volume (senza paginazione) :  |b ill. ;  |c 19 cm 
520 |a A volte, quando vuoi tanto, tanto bene a qualcuno vorresti trovare un modo per descrivere l'intensità dei tuoi sentimenti. Ma, come scopriranno Leprottino e Papà Leprotto, l'amore non è così facile da misurare! Età di lettura: da 3 anni. 
650 7 |a Libri per bambini 
700 1 |a Barigazzi, Marinella  |0 IT\ICCU\MODV\283582  |4 trl 
700 1 |a Jeram, Anita  |0 IT\ICCU\RAVV\095308  |4 ill 
942 |2 ddc  |c BK  |n 0 
952 |0 0  |1 0  |4 0  |6 R_823_914000000000000_MCB  |7 0  |9 21476  |a BO  |b BO  |d 2026-01-15  |i 20433  |l 0  |o R 823.914 MCB  |p BO20433  |r 2026-01-15 23:21:58  |w 2026-01-15  |x [Sebina 5] [1 v.]  |y BK  |z 1 v. 
999 |c 18334  |d 18334